| 000 | 00511nam a2200193 a 4500 | ||
|---|---|---|---|
| 001 | 14681 | ||
| 003 | CO-ViMGA | ||
| 008 | 141112s2004 ck r 000 u spa d | ||
| 020 | _a9586121453 | ||
| 040 |
_aCO-ViMGA _bspa _cCO-ViMGA |
||
| 082 | 0 | 4 | _a709 J453 |
| 100 | 1 |
_aJimenez, Carlos _921408 |
|
| 245 | 1 | 0 | _aExtraños en el paraiso. |
| 260 | _aBogotá.Canal Ramírez Antares.1993 | ||
| 300 | _a172.p. | ||
| 650 | 1 | 4 |
_aARTE - CRITICA - INTERPRETACION _921409 |
| 650 | 1 | 4 |
_aARTE DE LOS 80 _921410 |
| 942 |
_2ddc _cBK |
||
| 999 |
_c25223 _d25223 |
||